Общая биология (Запись № 1413223)

Подробности
000 -МАРКЕР
контрольное поле 01677nam0a2200337 4500
001 - ИДЕНТИФИКАТОР ЗАПИСИ
контрольное поле RU\NLR\bibl\548879
005 - ИДЕНТИФИКАТОР ВЕРСИИ
контрольное поле 20260406080059.0
010 ## - МЕЖДУНАРОДНЫЙ СТАНДАРТНЫЙ НОМЕР КНИГИ (ISBN)
Номер (ISBN) 5-88717-321-1
Тираж 15000
021 ## - НОМЕР ГОСУДАРСТВЕННОЙ РЕГИСТРАЦИИ
Код страны Российская Федерация
Номер 2004-43989
Номер Листа государственной регистраци 2184
035 ## - ДРУГИЕ СИСТЕМНЫЕ НОМЕРА
Идентификатор записи (NLR Aleph) 000541067
100 ## - ДАННЫЕ ОБЩЕЙ ОБРАБОТКИ
Данные общей обработки 20040903d2004 |||y0rusy50 ca
101 0# - ЯЗЫК РЕСУРСА
Язык текста, звукозаписи и т.д. русский
102 ## - СТРАНА ПУБЛИКАЦИИ ИЛИ ПРОИЗВОДСТВА
Страна публикации Российская Федерация
105 ## - ПОЛЕ КОДИРОВАННЫХ ДАННЫХ: ТЕКСТОВЫЕ МАТЕРИАЛЫ, МОНОГРАФИЧЕСКИЕ
Кодированные данные о монографическом текстовом документе a |||||||||
200 1# - ЗАГЛАВИЕ И СВЕДЕНИЯ ОБ ОТВЕТСТВЕННОСТИ
Основное заглавие Общая биология
Сведения, относящиеся к заглавию Учеб. для учащихся 11 кл. общеобразоват. учреждений
Первые сведения об ответственности И.Н. Пономарева, О.А. Корнилова, Т.Е. Лощилина, П.В. Ижевский
Последующие сведения об ответственности Под ред. проф. И.Н. Пономаревой
210 ## - ПУБЛИКАЦИЯ, РАСПРОСТРАНЕНИЕ И ДР.
Место издания, распространения и т.д. М.
Имя издателя, распространителя и т. д. Вентана-Граф
Дата издания, распространения и т.д. 2004
215 ## - ФИЗИЧЕСКАЯ ХАРАКТЕРИСТИКА
Специфическое обозначение материала и объем 221, [1] с.
Другие сведения о физической характеристике ил., цв. ил.
Размеры 22
606 0# - НАИМЕНОВАНИЕ ТЕМЫ КАК ПРЕДМЕТ
Наименование темы Биология
Формальный подзаголовок Руководства, пособия и т.п.
Системный номер авторитетной/нормативной записи 896131
Идентификатор авторитетной/нормативной записи RU\NLR\auth\664781
606 0# - НАИМЕНОВАНИЕ ТЕМЫ КАК ПРЕДМЕТ
Наименование темы Биология
Формальный подзаголовок Учебники для средней школы
Системный номер авторитетной/нормативной записи 896131
Идентификатор авторитетной/нормативной записи RU\NLR\auth\664781
686 ## - ИНДЕКСЫ ДРУГИХ КЛАССИФИКАЦИЙ
Индекс Е.я721-1
701 #1 - ИМЯ ЛИЦА - АЛЬТЕРНАТИВНАЯ ОТВЕТСТВЕННОСТЬ
Код отношения Автор
Материалы, к которым относится поле rus
Графика поля Кириллица
Начальный элемент ввода Пономарева
Часть имени, кроме начального элемента ввода И. Н.
Дополнения к именам, кроме дат д-р пед. наук, канд. биол. наук
Даты 1929-
Расширение инициалов личного имени Ирма Николаевна
Идентификатор авторитетной/нормативной записи RU\NLR\AUTH\7740598
Системный номер авторитетной/нормативной записи 23550
701 #1 - ИМЯ ЛИЦА - АЛЬТЕРНАТИВНАЯ ОТВЕТСТВЕННОСТЬ
Код отношения Автор
Графика поля Кириллица
Материалы, к которым относится поле rus
Начальный элемент ввода Корнилова
Часть имени, кроме начального элемента ввода О. А.
Дополнения к именам, кроме дат д-р биол. наук
Даты 1961-
Расширение инициалов личного имени Ольга Анатольевна
Системный номер авторитетной/нормативной записи 179525
Идентификатор авторитетной/нормативной записи RU\NLR\AUTH\770179576
701 #1 - ИМЯ ЛИЦА - АЛЬТЕРНАТИВНАЯ ОТВЕТСТВЕННОСТЬ
Начальный элемент ввода Лощилина
Часть имени, кроме начального элемента ввода Т. Е.
Расширение инициалов личного имени Татьяна Евгеньевна
Код отношения Автор
701 #1 - ИМЯ ЛИЦА - АЛЬТЕРНАТИВНАЯ ОТВЕТСТВЕННОСТЬ
Начальный элемент ввода Ижевский
Часть имени, кроме начального элемента ввода П. В.
Расширение инициалов личного имени Павел Владимирович
Код отношения Автор
801 #0 - ИСТОЧНИК ЗАПИСИ
Страна Российская Федерация
Организация NLR
Дата составления 20040903
Правила каталогизации PSBO
801 #1 - ИСТОЧНИК ЗАПИСИ
Страна Российская Федерация
Организация NLR
Дата составления 20040903
942 ## - ДОПОЛНИТЕЛЬНЫЕ ЭЛЕМЕНТЫ ЗАПИСИ (АБИС)
Тип экземпляра АБИС Книга
980 ## - КОЛЛЕКЦИЯ
Название коллекции Национальная библиография
Экземпляры
Тип экземпляра Дата поступления Источник поступления Библиотека постоянного хранения Библиотека текущего хранения Место хранения Шифр хранения Штрих-код Статус экземпляра
Книга 03.09.2004 Обязательный экземпляр РНБ (Московский) РНБ (Московский) Русский книжный фонд: издания с 1957 года 2004-5/4546 743621  
Книга 03.09.2004 Обязательный экземпляр РНБ (Московский) РНБ (Московский) Русский книжный фонд: издания с 1957 года 2004-5/4546 743622